| 000 | 00335nam a2200133Ia 4500 | ||
|---|---|---|---|
| 005 | 20251222141951.0 | ||
| 008 | 251222s9999||||xx |||||||||||||| ||spa|| | ||
| 082 | _a372.89/F84 | ||
| 100 | _aFriera Suaréz, Florencio | ||
| 245 | 0 | _aDidáctica de la Ciencias Sociales: | |
| 250 | _a1ra.ed. | ||
| 264 | _bEdiciones La Torre | ||
| 942 | _cLIB | ||
| 999 |
_c9682 _d9682 |
||